LIBRARY ONLINE CATALOGUE

Secretarial duties. (Record no. 7076)

MARC details
000 -LEADER
fixed length control field 00588nam a22002172 4500
001 - CONTROL NUMBER
control field 0000005800
005 - DATE AND TIME OF LATEST TRANSACTION
control field 20151217152006.0
008 - FIXED-LENGTH DATA ELEMENTS--GENERAL INFORMATION
fixed length control field 070717s xx 000 0 eng d
020 ## - INTERNATIONAL STANDARD BOOK NUMBER
International Standard Book Number 0582278449 :
040 ## - CATALOGING SOURCE
Original cataloging agency KABU
Transcribing agency KABU
050 #0 - LIBRARY OF CONGRESS CALL NUMBER
Classification number HF5547.5
Item number .H37 1996
100 1# - MAIN ENTRY--PERSONAL NAME
Personal name Harrison, John.
-- 0000104611
245 10 - TITLE STATEMENT
Title Secretarial duties.
250 ## - EDITION STATEMENT
Edition statement 10th ed.
260 ## - PUBLICATION, DISTRIBUTION, ETC. (IMPRINT)
Place of publication, distribution, etc. Harlow, England :
Name of publisher, distributor, etc. Pearson,
Date of publication, distribution, etc. 1996.
300 ## - PHYSICAL DESCRIPTION
Extent xxiv, 351 p.
650 #0 - SUBJECT ADDED ENTRY--TOPICAL TERM
Topical term or geographic name as entry element Office procedure.
-- 0000157023
908 ## - PUT COMMAND PARAMETER (RLIN)
Put command parameter 070717
950 ## - LOCAL HOLDINGS (RLIN)
-- 1
Holdings
Withdrawn status Lost status Source of classification or shelving scheme Not for loan Home library Current library Date acquired Total Checkouts Full call number Barcode Date last seen Date last checked out Price effective from Koha item type
    Library of Congress Classification   Kabarak, Main Campus Kabarak, Main Campus 17/12/2015 3 HF5547.5 .H37 1996 003609 02/08/2024 02/04/2020 17/12/2015 General Collection